000 00985nam0a22002891 4500
001 v19\rc\1570835
005 20260407113218.0
035 _a(NLR Aleph) 004700132
090 _a4055854
_c4055854
100 _a20061002d1892 |||y0rusy50 ca
101 0 _arus
102 _aRU
105 _aa z |||||
200 1 _aОбозрение деятельности Министерства государственных имуществ по горной части в 1881-1891 г.
210 _aСанкт-Петербург
_d1892
215 _a[2], 71 с., 6 л. табл.
_d27
710 0 1 _aРоссия
_bМинистерство государственных имуществ
_3RU\NLR\AUTH\889942724
_9380460
801 0 _aRU
_bNLR
_gpsbo
801 0 _aRU
_bRuMoRGB
_2psbo
801 1 _aRU
_bProSoft-M
_2rusmarc
852 _aNLR
_j18.310.5.59
899 _aRuMoRGB
_jU 381/9
899 _aRuMoRGB
_jЯ 237/293
899 _aБАН
899 _aГПИБ
942 _cBOOK
980 _aNB